| 000 | 00616nam a2200157 4500 | ||
|---|---|---|---|
| 001 | 138169 | ||
| 003 | ES-MaACL | ||
| 005 | 20230906195522.0 | ||
| 007 | t| | ||
| 008 | 070214s1968 ne r ||||1| spa d | ||
| 100 | 1 |
_aSánchez Romeralo, Jaime. _9102899 |
|
| 245 | 1 | 0 |
_aPoesía pictórica _b: (consideraciones sobre ella, a propósito de algunos poemas españoles contemporáneos inspirados en la pintura de los Países Bajos) / _cDr. J. Sánchez Romeralo. |
| 260 |
_aNijmegen [Güeldres, Países Bajos] : _bDrukkerij Gebr. Janssen, _c1968. |
||
| 300 |
_a38 p. ; _c24 cm. |
||
| 852 |
_aES-MaACL _j2130-F-20 _bR.106118 |
||
| 999 |
_c138169 _d138169 |
||